000 00961nam a2200265 a 4500
001 000046847
003 DO-SdBNP
005 20250115124320.0
008 140612s2016 dr 000 p spa d
020 _a9789945492804
040 _aDO-SdBNP
_bspa
_cBNPHU
082 _aRD861.44
_bV443so
100 1 _aVeloz Maggiolo, Marcio,
_d1936-2021
_91104
245 1 3 _aLa sonora armonía :
_bpoesía reunida /
_cMarcio Veloz Maggiolo.
260 _aSanto Domingo :
_bMinisterio de Cultura;
_bNacional,
_c2016.
300 _a549 p. ;
_c23 cm.
500 _aIncluye datos biográficos en la solapa de la cubierta.
590 _aInventariado,2018/ YL
600 1 0 _aVeloz Maggiolo, Marcio,
_d1936-2021
_xCrítica e interpretación
_91104
650 4 _aPoesía dominicana
_vColecciones
_97120
650 0 _aLiteratura dominicana.
_967
710 1 _aRepública Dominicana.
_bMinisterio de Cultura
_971794
910 _aValidado. Control de calidad MFF
942 _2ddc
_cLBS1
999 _c46336
_d46336